<?xml version="1.0" encoding="UTF-8"?>
<record
    xmlns:xsi="http://www.w3.org/2001/XMLSchema-instance"
    xsi:schemaLocation="http://www.loc.gov/MARC21/slim http://www.loc.gov/standards/marcxml/schema/MARC21slim.xsd"
    xmlns="http://www.loc.gov/MARC21/slim">

  <leader>00763na  a2200229   4500</leader>
  <controlfield tag="001">16852</controlfield>
  <controlfield tag="003">MIRAKIL</controlfield>
  <controlfield tag="005">20181213155304.0</controlfield>
  <controlfield tag="008">161015b        tu            000 0      </controlfield>
  <datafield tag="035" ind1=" " ind2=" ">
    <subfield code="a">16852</subfield>
  </datafield>
  <datafield tag="040" ind1=" " ind2=" ">
    <subfield code="a">Milas</subfield>
    <subfield code="b">tur</subfield>
    <subfield code="c">TR-AnCHP</subfield>
  </datafield>
  <datafield tag="041" ind1=" " ind2=" ">
    <subfield code="a">tur</subfield>
  </datafield>
  <datafield tag="082" ind1=" " ind2=" ">
    <subfield code="a">348.561020263</subfield>
    <subfield code="b">M38y 1987</subfield>
  </datafield>
  <datafield tag="090" ind1=" " ind2=" ">
    <subfield code="a">348.561020263 M38y 1987</subfield>
  </datafield>
  <datafield tag="110" ind1=" " ind2=" ">
    <subfield code="a">Mevzuat&#x131; Geli&#x15F;tirme ve Yay&#x131;n Genel M&#xFC;d&#xFC;rl&#xFC;&#x11F;&#xFC;</subfield>
  </datafield>
  <datafield tag="245" ind1=" " ind2=" ">
    <subfield code="a">Y&#xFC;r&#xFC;rl&#xFC;kteki baz&#x131; kanunlar&#x131;n m&#xFC;lga h&#xFC;k&#xFC;mleri k&#xFC;lliyat&#x131;</subfield>
    <subfield code="c">Mevzuat&#x131; Geli&#x15F;tirme ve Yay&#x131;n Genel M&#xFC;d&#xFC;rl&#xFC;&#x11F;&#xFC;</subfield>
  </datafield>
  <datafield tag="260" ind1=" " ind2=" ">
    <subfield code="a">Ankara</subfield>
    <subfield code="b">Ba&#x15F;bakanl&#x131;k</subfield>
    <subfield code="c">1987</subfield>
  </datafield>
  <datafield tag="300" ind1=" " ind2=" ">
    <subfield code="a">2 c.</subfield>
    <subfield code="b">tbl.</subfield>
    <subfield code="c">25 sm.</subfield>
  </datafield>
  <datafield tag="650" ind1=" " ind2=" ">
    <subfield code="a">Hukuk ve mevzuat</subfield>
    <subfield code="y">20. y&#xFC;zy&#x131;l</subfield>
    <subfield code="z">T&#xFC;rkiye</subfield>
  </datafield>
  <datafield tag="650" ind1=" " ind2=" ">
    <subfield code="a">Hukuk</subfield>
    <subfield code="x">M&#xFC;lga kanunlar</subfield>
    <subfield code="y">20. y&#xFC;zy&#x131;l</subfield>
    <subfield code="z">T&#xFC;rkiye</subfield>
  </datafield>
  <datafield tag="942" ind1=" " ind2=" ">
    <subfield code="2">ddc</subfield>
    <subfield code="c">BKS</subfield>
  </datafield>
  <datafield tag="952" ind1=" " ind2=" ">
    <subfield code="a">0001</subfield>
    <subfield code="b">0001</subfield>
    <subfield code="d">2016-10-15</subfield>
    <subfield code="e">2</subfield>
    <subfield code="l">0</subfield>
    <subfield code="o">348.561020263 M38y 1987</subfield>
    <subfield code="p">005343</subfield>
    <subfield code="r">2016-10-15 00:00:00</subfield>
    <subfield code="v">0.00</subfield>
    <subfield code="w">2016-10-15</subfield>
    <subfield code="y">BKS</subfield>
  </datafield>
  <datafield tag="952" ind1=" " ind2=" ">
    <subfield code="a">0001</subfield>
    <subfield code="b">0001</subfield>
    <subfield code="d">2016-10-15</subfield>
    <subfield code="e">2</subfield>
    <subfield code="l">0</subfield>
    <subfield code="o">348.561020263 M38y 1987</subfield>
    <subfield code="p">005344</subfield>
    <subfield code="r">2016-10-15 00:00:00</subfield>
    <subfield code="v">0.00</subfield>
    <subfield code="w">2016-10-15</subfield>
    <subfield code="y">BKS</subfield>
  </datafield>
  <datafield tag="999" ind1=" " ind2=" ">
    <subfield code="c">10008</subfield>
    <subfield code="d">10008</subfield>
  </datafield>
</record>
